000 00792na a2200253 4500
001 23078
003 MIRAKIL
005 20181213155212.0
008 170605b tu 000 0
040 _aMilas
_btur
_cTR-AnCHP
041 _atur
082 _aCHP 342.03
_bG35 2017
090 _aCHP 342.03 G35 2017
222 _a2017 Anayasa Değişikliği
245 _aGenel anlatım, Anayasa değişikliği içeriği
_bEgemenlik milletindir saltanatın değil
_bHayır
_cCHP
246 _aEgemenlik milletindir saltanatın değil
260 _aAnkara
_bCHP
_c2017
300 _a50 s.
_bfotğ.
_c21 sm.
610 _aCHP
_xAnayasa, 2017
650 _aTürkiye
_xAnayasa, 2017
_yDeğişikliği
740 _aHayır
740 _aEgemenlik milletindir saltanatın değil
942 _2ddc
_cBKS
999 _c8430
_d8430